| 000 | 01417nam a2200337Ia 4500 | ||
|---|---|---|---|
| 001 | ebr10689939 | ||
| 003 | CaPaEBR | ||
| 006 | m u | ||
| 007 | cr cn||||||||| | ||
| 008 | 111102s2013 bcc sb 001 0 eng d | ||
| 020 | _z9780774825085 | ||
| 020 | _z9780774825108 | ||
| 040 |
_aCaPaEBR _cCaPaEBR |
||
| 035 | _a(OCoLC)829421826 | ||
| 050 | 1 | 4 |
_aE78.C2 _bA48 2013eb |
| 100 | 1 | _aAltamirano-Jimenez, Isabel. | |
| 245 | 1 | 0 |
_aIndigenous encounters with neoliberalism _h[electronic resource] : _bplace, women, and the environment in Canada and Mexico / _cIsabel Altamirano-Jimenez. |
| 260 |
_aVancouver : _bUBC Press, _c2013. |
||
| 300 | _ax, 267 p. | ||
| 490 | 0 | _aWomen and indigenous studies series | |
| 504 | _aIncludes bibliographical references and index. | ||
| 533 |
_aElectronic reproduction. _bPalo Alto, Calif. : _cebrary, _d2013. _nAvailable via World Wide Web. _nAccess may be limited to ebrary affiliated libraries. |
||
| 650 | 0 |
_aInuit _xNunavut _vCase studies. |
|
| 650 | 0 |
_aNiska Indians _vCase studies. |
|
| 650 | 0 |
_aIndians of Mexico _zMexico _zChiapas _vCase studies. |
|
| 650 | 0 |
_aZapotec Indians _zMexico _zJuchitan de Zaragoza _vCase studies. |
|
| 650 | 0 |
_aNeoliberalism _zCanada. |
|
| 655 | 7 |
_aElectronic books. _2local |
|
| 710 | 2 | _aebrary, Inc. | |
| 856 | 4 | 0 |
_uhttp://site.ebrary.com/lib/rucke/Doc?id=10689939 _zAn electronic book accessible through the World Wide Web; click to view |
| 999 |
_c11049 _d11049 |
||